000 00570nam a2200193Ia 4500
005 20260114185651.0
008 008 260114s9999 xx 000 0 eng d
020 _a9780755621378
037 _aEBOOK
040 _aCRL
_beng
_cCRL
041 _aeng
_2eng
084 _qCRL
100 _aLinda Kelly
_9872896
245 0 _aHolland House A History of London's Most Celebrated Salon
260 _bBloomsbury
_c2013
856 _uhttps://doi.org/10.5040/9780755621378?locatt=label:secondary_bloomsburyCollections
942 _cEBOOK
999 _c1471844
_d1471844